Sports Quiz

Random Sports or World Quiz

World Cup 1998 Nations by Goalkeeper Quiz Stats

 Plays Quiz not verified by Sporcle

Challenge
Share
Tweet
Embed
Score 0/32 Timer 04:00
0 Plays Today
Goalkeeper National Team % Correct
David SeamanEngland
99.1%
Peter SchmeichelDenmark
95.9%
Fabien BarthezFrance
93.7%
Kasey KellerUnited States
92.8%
Edwin van der SarNetherlands
92.3%
Kim Byung-jiSouth Korea
91.7%
Gianluca PagliucaItaly
86.6%
Yoshikatsu KawaguchiJapan
82.1%
Jacques Songo'oCameroon
81.5%
Claudio TaffarelBrazil
76.1%
Andreas KöpkeGermany
72.4%
Jose Luis ChilavertParaguay
71.4%
Jim LeightonScotland
70.8%
Filip De WildeBelgium
69.7%
Andoni ZubizarretaSpain
69.4%
Mohamed Al-DeayeaSaudi Arabia
66%
Goalkeeper National Team % Correct
Jorge CamposMexico
64%
Carlos RoaArgentina
62.2%
Bogdan SteleaRomania
61.1%
Drazen LadicCroatia
57.9%
Zdravko ZdravkovBulgaria
54.1%
Faryd MondragonColombia
50.6%
Ahmad Reza AbedzadehIran
50.2%
Ivica KraljYugoslavia
44.7%
Frode GrodasNorway
44.7%
Warren BarrettJamaica
43.4%
Nelson TapiaChile
39.2%
Chokri El OuaerTunisia
38.1%
Hans VonkSouth Africa
34.9%
Peter RufaiNigeria
33.8%
Driss BenzekriMorocco
33.5%
Michael KonselAustria
33.1%

You're not logged in!

Compare scores with friends on all Sporcle quizzes.
Join for Free
OR
Log In

You Might Also Like...

Show Comments

Extras

Top Quizzes Today


Score Distribution

Your Account Isn't Verified!

In order to create a playlist on Sporcle, you need to verify the email address you used during registration. Go to your Sporcle Settings to finish the process.

Report this User

Report this user for behavior that violates our Community Guidelines.

Details: